| 000 | 00339nam a2200145Ia 4500 | ||
|---|---|---|---|
| 100 | _aRussell/Stuart/ Peter/Norvig | ||
| 250 | _a2 | ||
| 942 | _cBK | ||
| 654 | _aartificial | ||
| 245 | _aArtificial Intelligence: A modern approach | ||
| 260 |
_bPearson Edu _aNew Delhi _c2003 |
||
| 082 |
_a6.3 _bRUS |
||
| 300 | _a1080 | ||
| 546 | _aENGLISH | ||
| 999 |
_c26671 _d26671 |
||